Organizačná podpora logistického manažmentu podniku

Organizačné formy rôznych podnikov z hľadiska vykonávania logistických úloh. Koordinácia logistických rozhodnutí. Funkčný obsah logistickej organizácie závisí na tom, koľko jednotlivých logistických funkcií je sústredených pod jednotným vedením do určitého úseku. S funkčným rozsahom úzko súvisia tie...

Full description

Saved in:
Bibliographic Details
Main Author: Dupaľ, Andrej
Format: Book Chapter
Language:Slovak
Subjects:
Tags: Add Tag
No Tags, Be the first to tag this record!

MARC

LEADER 00000naa$a2200000$$$4500
001 0022752
005 20240502071414.3
041 0 |a slo 
044 |a SK 
245 1 0 |a Organizačná podpora logistického manažmentu podniku  |c Andrej Dupaľ 
520 |a Organizačné formy rôznych podnikov z hľadiska vykonávania logistických úloh. Koordinácia logistických rozhodnutí. Funkčný obsah logistickej organizácie závisí na tom, koľko jednotlivých logistických funkcií je sústredených pod jednotným vedením do určitého úseku. S funkčným rozsahom úzko súvisia tieto formy organizácie: Lineárno-štábna organizácia. Divízne organizačné usporiadanie. Maticová štruktúra. Virtuálny podnik má premenlivú konfiguráciu. Podnik bez hraníc (Borderless factory) je pružnou organizáciou vytvárajúcou multifunkčné tímy. Štíhly podnik. Fraktálový podnik. 
610 2 0 |a formy organizačné 
610 2 0 |a jednotka organizačná 
610 2 0 |a logistika 
610 2 0 |a štruktúra organizačná 
610 2 0 |a organizácia lineárna 
610 2 0 |a organizácia štábna 
610 2 0 |a podnik virtuálny 
610 2 0 |a podnik fraktálový 
100 1 |a Dupaľ, Andrej